[Event "Rewal op-A 17th"]
[Site "Rewal"]
[Date "2012.08.27"]
[Round "6"]
[White "Klepaczka, Tomasz"]
[Black "Lewtak, Damian"]
[Result "1-0"]
[WhiteElo "2199"]
[BlackElo "2269"]
[PlyCount "85"]
[EventDate "2012.08.20"]
[EventType "swiss"]
[EventRounds "9"]
[EventCountry "POL"]
[SourceTitle "CBM 150 Extra"]
[Source "ChessBase"]
[SourceDate "2012.10.19"]
[SourceVersion "1"]
[SourceVersionDate "2012.10.19"]
[SourceQuality "1"]

1. e4 d5 2. exd5 Qxd5 3. Nc3 Qd6 4. Bc4 Nf6 5. d4 e6 6. Nf3 a6 7. Bg5 b5 8. Bxf6 gxf6 9. Bd3 f5 10. Qe2 Be7 11. 0-0-0 Bb7 12. Ne5 Nd7 13. f4 Nxe5 14. fxe5 Qb6 15. Qh5 0-0-0 16. Qxf7 Bg5+ 17. Kb1 Be3 18. d5 Bxd5 19. Nxd5 Rxd5 20. Be2 Rhd8 21. Rxd5 Rxd5 22. Rd1 Rxd1+ 23. Bxd1 Bg5 24. a3 Bd8 25. c3 Qc6 26. Bb3 Qe4+ 27. Ka2 Qxe5 28. Bxe6+ Kb7 29. Bxf5 h6 30. Qd7 Bf6 31. Bg4 Qd6 32. Qc8+ Kb6 33. Qb8+ Kc6 34. Qa7 Kd5 35. Bc8 Qc5 36. Qxc5+ Kxc5 37. Bxa6 Kb6 38. Bc8 h5 39. Bd7 h4 40. g3 Be5 41. gxh4 Bxh2 42. b3 c6 43. Kb2 1-0

[Event "Rewal op-A 17th"]
[Site "Rewal"]
[Date "2012.08.23"]
[Round "3"]
[White "Warakomski, Tomasz"]
[Black "Klepaczka, Tomasz"]
[Result "1-0"]
[WhiteElo "2491"]
[BlackElo "2199"]
[PlyCount "57"]
[EventDate "2012.08.20"]
[EventType "swiss"]
[EventRounds "9"]
[EventCountry "POL"]
[SourceTitle "CBM 150 Extra"]
[Source "ChessBase"]
[SourceDate "2012.10.19"]
[SourceVersion "1"]
[SourceVersionDate "2012.10.19"]
[SourceQuality "1"]

1. e4 c5 2. Nf3 e6 3. d4 cxd4 4. Nxd4 a6 5. Bd3 Bc5 6. Nb3 Be7 7. Qg4 g6 8. Be2 d6 9. Na3 Nd7 10. Nc4 Qc7 11. 0-0 b6 12. a4 Bb7 13. a5 b5 14. Nb6 Nxb6 15. axb6 Qxb6 16. Be3 Qc7 17. Na5 Bc8 18. c4 b4 19. e5 Bd7 20. exd6 Bxd6 21. Bd4 f6 22. Qe4 Rc8 23. c5 Bxh2+ 24. Kh1 e5 25. Bxa6 Rd8 26. Kxh2 Ne7 27. Be3 f5 28. Qb7 Qxb7 29. Nxb7 1-0

[Event "POL-chT U19 2nd League"]
[Site "Borowice"]
[Date "2012.07.25"]
[Round "7"]
[White "Adamczewski, Jedrzej"]
[Black "Klepaczka, Tomasz"]
[Result "0-1"]
[WhiteElo "1828"]
[BlackElo "2199"]
[PlyCount "68"]
[EventDate "2012.07.21"]
[EventType "team-swiss"]
[EventRounds "11"]
[EventCountry "POL"]
[SourceTitle "EXT 2014"]
[Source "ChessBase"]
[SourceDate "2013.11.20"]
[SourceVersion "1"]
[SourceVersionDate "2013.11.20"]
[SourceQuality "1"]
[WhiteTeam "Kalisz KTS U19"]
[BlackTeam "Zary ZKSz U19"]
[WhiteTeamCountry "POL"]
[BlackTeamCountry "POL"]

1. e4 c5 2. Nf3 e6 3. d4 cxd4 4. Nxd4 Nc6 5. Nb5 d6 6. c4 Nf6 7. N1c3 a6 8. Nd4 Qc7 9. b3 Qa5 10. Qd2 Nxd4 11. Qxd4 Nxe4 12. Bb2 Nf6 13. 0-0-0 Bd7 14. Kb1 Bc6 15. Rg1 Qc5 16. Qd2 Be7 17. g4 Nxg4 18. Bg2 Qf5+ 19. Ka1 Ne5 20. f4 Ng6 21. Bxc6+ bxc6 22. Ne2 e5 23. fxe5 dxe5 24. Ng3 Qe6 25. Nh5 0-0 26. Rde1 Rad8 27. Qg2 f6 28. Nf4 Qf5 29. Nxg6 Qxg6 30. Qxc6 Qc2 31. Qxa6 Rd2 32. Rb1 Bc5 33. Rg3 Qxb2+ 34. Rxb2 Rd1+ 0-1

[Event "POL-chT U19 2nd League"]
[Site "Borowice"]
[Date "2012.07.23"]
[Round "4"]
[White "Klepaczka, Tomasz"]
[Black "Suliborski, Jakub"]
[Result "1/2-1/2"]
[WhiteElo "2199"]
[BlackElo "2006"]
[PlyCount "95"]
[EventDate "2012.07.21"]
[EventType "team-swiss"]
[EventRounds "11"]
[EventCountry "POL"]
[SourceTitle "EXT 2014"]
[Source "ChessBase"]
[SourceDate "2013.11.20"]
[SourceVersion "1"]
[SourceVersionDate "2013.11.20"]
[SourceQuality "1"]
[WhiteTeam "Zary ZKSz U19"]
[BlackTeam "Minsk Mazowiecki MTSz U19"]
[WhiteTeamCountry "POL"]
[BlackTeamCountry "POL"]

1. b3 e5 2. Bb2 Nc6 3. e3 g6 4. Nf3 Bg7 5. h4 d5 6. h5 Bg4 7. hxg6 hxg6 8. Rxh8 Bxh8 9. d3 Nge7 10. Nbd2 Qd6 11. Be2 f5 12. Ng5 Bxe2 13. Qxe2 Bf6 14. Nh7 0-0-0 15. Nxf6 Qxf6 16. 0-0-0 g5 17. f4 Ng6 18. fxe5 Ncxe5 19. Rf1 Rf8 20. Nf3 Qe7 21. Nd4 f4 22. e4 dxe4 23. Qxe4 g4 24. Re1 f3 25. gxf3 Rf4 26. Qe2 gxf3 27. Nxf3 Nxd3+ 28. Qxd3 Rxf3 29. Rxe7 Rxd3 30. Rxc7+ Kxc7 31. cxd3 Kd6 32. Bd4 a6 33. Kc2 Kd5 34. Bf6 Nf4 35. a3 b5 36. Bc3 Ne6 37. Ba5 Nd4+ 38. Kb2 Nc6 39. Bc3 a5 40. a4 bxa4 41. bxa4 Kc5 42. Kb3 Kd5 43. Kc2 Kc5 44. Kd2 Nb4 45. d4+ Kc4 46. Bxb4 Kxd4 47. Bxa5 Kc5 48. Kc3 1/2-1/2

[Event "Krakow op-A 22nd"]
[Site "Krakow"]
[Date "2011.12.29"]
[Round "3"]
[White "Klepaczka, Tomasz"]
[Black "Sieciechowicz, Marcin"]
[Result "0-1"]
[WhiteElo "2166"]
[BlackElo "2441"]
[PlyCount "72"]
[EventDate "2011.12.27"]
[EventType "swiss"]
[EventRounds "9"]
[EventCountry "POL"]
[SourceTitle "CBM 146 Extra"]
[Source "ChessBase"]
[SourceDate "2012.02.29"]
[SourceVersion "1"]
[SourceVersionDate "2012.02.29"]
[SourceQuality "1"]

1. e4 c5 2. Nf3 d6 3. Bb5+ Bd7 4. Bxd7+ Qxd7 5. 0-0 Nf6 6. Re1 Nc6 7. c3 e6 8. d4 cxd4 9. cxd4 d5 10. e5 Ne4 11. Ng5 Nxg5 12. Bxg5 Be7 13. Bxe7 Qxe7 14. Re2 0-0 15. Nc3 f6 16. Qd2 fxe5 17. dxe5 Rf5 18. Rae1 Qc5 19. Na4 Qb5 20. b3 Raf8 21. Qc3 b6 22. Nb2 Nb4 23. a3 Na6 24. Nd3 Nc5 25. Nxc5 bxc5 26. Rc2 Rc8 27. g3 Rf7 28. Rec1 Rfc7 29. b4 cxb4 30. Qxc7 Rxc7 31. Rxc7 b3 32. Rxa7 h5 33. a4 Qb6 34. Rcc7 b2 35. Rxg7+ Kf8 36. Rgf7+ Ke8 0-1

[Event "Krakow op-A 22nd"]
[Site "Krakow"]
[Date "2011.12.27"]
[Round "1"]
[White "Klepaczka, Tomasz"]
[Black "Hnydiuk, Aleksander"]
[Result "1-0"]
[WhiteElo "2166"]
[BlackElo "2431"]
[PlyCount "91"]
[EventDate "2011.12.27"]
[EventType "swiss"]
[EventRounds "9"]
[EventCountry "POL"]
[SourceTitle "CBM 146 Extra"]
[Source "ChessBase"]
[SourceDate "2012.02.29"]
[SourceVersion "1"]
[SourceVersionDate "2012.02.29"]
[SourceQuality "1"]

1. e4 c5 2. Nc3 Nc6 3. Bb5 Nd4 4. Bc4 e6 5. Nge2 a6 6. d3 b5 7. Bb3 Nxb3 8. axb3 Bb7 9. 0-0 d6 10. f4 Nf6 11. f5 Be7 12. Nf4 b4 13. Nce2 e5 14. Nh3 d5 15. exd5 Qxd5 16. Rf3 Qd7 17. Rg3 Nh5 18. Re3 Qxf5 19. Nf2 Qg6 20. Ng3 Qc6 21. Qf1 Nxg3 22. Rxg3 0-0 23. Ng4 f6 24. Qf5 Bc8 25. Qh5 Bxg4 26. Qxg4 Rf7 27. Qc4 Bf8 28. Be3 f5 29. Rf1 Qd7 30. Rg5 f4 31. Bxc5 Bxc5+ 32. Qxc5 Rc8 33. Qxb4 Qa7+ 34. Kh1 f3 35. gxf3 Qe3 36. Rg2 Rxf3 37. Rxg7+ Kxg7 38. Qg4+ Kh6 39. Rxf3 Qc1+ 40. Kg2 Rxc2+ 41. Kh3 Rc6 42. Qh4+ Kg7 43. Qe7+ Kh6 44. Qf8+ Kg6 45. Rg3+ Kh5 46. Qf7+ 1-0

[Event "Warsaw Najdorf Memorial op-A"]
[Site "Warsaw"]
[Date "2011.07.22"]
[Round "9"]
[White "Malisauskas, Vidmantas"]
[Black "Klepaczka, Tomasz"]
[Result "0-1"]
[WhiteElo "2477"]
[BlackElo "2144"]
[PlyCount "56"]
[EventDate "2011.07.13"]
[EventType "swiss"]
[EventRounds "9"]
[EventCountry "POL"]
[SourceTitle "CBM 143 Extra"]
[Source "ChessBase"]
[SourceDate "2011.08.29"]
[SourceVersion "1"]
[SourceVersionDate "2011.08.29"]
[SourceQuality "1"]

1. d4 Nf6 2. c4 g6 3. Nc3 d5 4. Bg5 Ne4 5. Bh4 Bg7 6. cxd5 Nxc3 7. bxc3 Qxd5 8. Nf3 c5 9. e3 Nc6 10. Be2 cxd4 11. exd4 Qa5 12. 0-0 0-0 13. d5 Rd8 14. c4 Bf5 15. Qb3 Bxa1 16. Rxa1 Nb8 17. Bxe7 Re8 18. Bb4 Qc7 19. Qd1 Nd7 20. Bc3 b5 21. Rc1 bxc4 22. Ba1 Rac8 23. Bxc4 Qf4 24. g3 Qg4 25. h3 Qh5 26. g4 Qxh3 27. Nh2 Bd3 28. Bb3 Be4 0-1

[Event "Warsaw Najdorf Memorial op-A"]
[Site "Warsaw"]
[Date "2011.07.18"]
[Round "5"]
[White "Klepaczka, Tomasz"]
[Black "Czarnota, Dorota"]
[Result "1-0"]
[WhiteElo "2144"]
[BlackElo "2240"]
[PlyCount "51"]
[EventDate "2011.07.13"]
[EventType "swiss"]
[EventRounds "9"]
[EventCountry "POL"]
[SourceTitle "CBM 143 Extra"]
[Source "ChessBase"]
[SourceDate "2011.08.29"]
[SourceVersion "1"]
[SourceVersionDate "2011.08.29"]
[SourceQuality "1"]

1. e4 c6 2. d4 d5 3. Nc3 dxe4 4. Nxe4 Bf5 5. Ng3 Bg6 6. Nf3 Nd7 7. Bd3 e6 8. 0-0 Qc7 9. b3 Ngf6 10. Bb2 Be7 11. c4 0-0 12. Bxg6 hxg6 13. Qe2 Rfe8 14. Ne5 Rad8 15. Rad1 c5 16. Ne4 cxd4 17. Nxf7 Kxf7 18. Ng5+ Kg8 19. Qxe6+ Kh8 20. Rxd4 Nf8 21. Rh4+ Nh5 22. Qf7 Bxg5 23. Rxh5+ gxh5 24. Qxc7 Rd7 25. Qa5 Ne6 26. h4 1-0

[Event "World School-ch U17 7th"]
[Site "Krakow"]
[Date "2011.05.08"]
[Round "9"]
[White "Klepaczka, Tomasz"]
[Black "Stankiewicz, Pawel"]
[Result "1/2-1/2"]
[WhiteElo "2115"]
[BlackElo "2075"]
[PlyCount "88"]
[EventDate "2011.04.30"]
[EventType "swiss"]
[EventRounds "9"]
[EventCountry "POL"]
[SourceTitle "EXT 2012"]
[Source "ChessBase"]
[SourceDate "2011.11.24"]
[SourceVersion "1"]
[SourceVersionDate "2011.11.24"]
[SourceQuality "1"]

1. e4 d6 2. d4 Nf6 3. Nc3 g6 4. Nf3 Bg7 5. Be2 0-0 6. 0-0 c6 7. Re1 Qc7 8. h3 e5 9. a4 Nbd7 10. dxe5 dxe5 11. Bc4 Nc5 12. Qe2 a5 13. b3 Ne6 14. Ba3 Re8 15. Qe3 Nd4 16. Nxd4 exd4 17. Qxd4 Ng4 18. e5 Nxe5 19. Bd6 Qd7 20. Bxe5 Bxe5 21. Qd3 Qxd3 22. cxd3 Bf5 23. Rac1 Bf4 24. Rxe8+ Rxe8 25. Rd1 Be5 26. Ne4 Kg7 27. Re1 Bd7 28. Nc5 Bc8 29. Kf1 Kf8 30. Ne4 h6 31. Rd1 f5 32. d4 fxe4 33. dxe5 Rxe5 34. Rd6 Kg7 35. Rd8 b5 36. axb5 cxb5 37. Rxc8 bxc4 38. bxc4 Re7 39. c5 Ra7 40. c6 Kf6 41. c7 Kg5 42. Ke2 a4 43. Kf1 a3 44. g4 a2 1/2-1/2

[Event "World School-ch U17 7th"]
[Site "Krakow"]
[Date "2011.05.02"]
[Round "3"]
[White "Klepaczka, Tomasz"]
[Black "Igambergenov, Alibek"]
[Result "1-0"]
[WhiteElo "2115"]
[BlackElo "2255"]
[PlyCount "60"]
[EventDate "2011.04.30"]
[EventType "swiss"]
[EventRounds "9"]
[EventCountry "POL"]
[SourceTitle "EXT 2012"]
[Source "ChessBase"]
[SourceDate "2011.11.24"]
[SourceVersion "1"]
[SourceVersionDate "2011.11.24"]
[SourceQuality "1"]

1. e4 Nf6 2. e5 d5 3. Nc3 Nfd7 4. f4 e6 5. Nf3 c5 6. g3 Nc6 7. d3 a6 8. a4 f6 9. exf6 Nxf6 10. Bg2 Bd6 11. 0-0 0-0 12. Re1 Re8 13. d4 cxd4 14. Ne2 Qb6 15. Nexd4 Nxd4 16. Nxd4 e5 17. fxe5 Bxe5 18. Be3 Qxb2 19. Qd2 Qb6 20. Nf3 Qc6 21. Nxe5 Rxe5 22. Bd4 Ne4 23. Bxe4 Rxe4 24. Rxe4 dxe4 25. Qg5 Qd7 26. c3 b6 27. Qf5 Qxf5 28. Rb1 a5 29. g4 Rb8 30. Rxb6 g5 1-0

[Event "POL-ch U18"]
[Site "Murzasichle"]
[Date "2011.03.10"]
[Round "7"]
[White "Klepaczka, Tomasz"]
[Black "Kaleta, Blazej"]
[Result "1/2-1/2"]
[WhiteElo "2115"]
[BlackElo "2029"]
[PlyCount "130"]
[EventDate "2011.03.05"]
[EventType "swiss"]
[EventRounds "9"]
[EventCountry "POL"]
[SourceTitle "EXT 2012"]
[Source "ChessBase"]
[SourceDate "2011.11.24"]
[SourceVersion "1"]
[SourceVersionDate "2011.11.24"]
[SourceQuality "1"]

1. e4 c5 2. Nf3 e6 3. d4 cxd4 4. Nxd4 a6 5. Nc3 b5 6. Be2 Bb7 7. 0-0 Qc7 8. Re1 Nc6 9. Nxc6 Bxc6 10. Nd5 Qb7 11. Bf3 Ne7 12. Bf4 Rc8 13. Bd6 Ng6 14. Bxf8 Kxf8 15. Qd4 f6 16. a4 Kf7 17. Nb6 Rb8 18. a5 Ne7 19. Re3 e5 20. Qd6 Nc8 21. Nxc8 Qxc8 22. c4 Qf8 23. Qxf8+ Kxf8 24. c5 Ke7 25. b4 Rhd8 26. Rc1 Rb7 27. Rec3 Rc7 28. Kf1 Ra7 29. Ke2 g6 30. g4 Rf8 31. Rd1 Rf7 32. Rd6 Kd8 33. Rcd3 Kc7 34. Ke3 Ra8 35. Bd1 f5 36. exf5 gxf5 37. g5 f4+ 38. Kd2 e4 39. R3d4 Raf8 40. Bb3 e3+ 41. Ke1 Rf5 42. h4 f3 43. Bd5 Bxd5 44. R4xd5 Rxd5 45. Rxd5 e2 46. h5 Rf4 47. Rd3 Rf5 48. h6 Rxg5 49. Rxf3 Rg6 50. Kxe2 Rxh6 51. Rf7 Rh1 52. Kd3 Rb1 53. Kc3 Rc1+ 54. Kb3 Rf1 55. Rxh7 Rxf2 56. Rh6 Rf3+ 57. Kc2 Rf4 58. Kc3 Rf3+ 59. Kd4 Rf4+ 60. Kd5 Rxb4 61. Rxa6 Ra4 62. Ra7+ Kc8 63. a6 Ra1 64. Ke4 Ra4+ 65. Kd5 Ra1 1/2-1/2

[Event "Polanica Zdroj op-A 47th"]
[Site "Polanica Zdroj"]
[Date "2011.??.??"]
[Round "2"]
[White "Chomczyk, Marek"]
[Black "Klepaczka, Tomasz"]
[Result "0-1"]
[WhiteElo "1718"]
[BlackElo "2092"]
[PlyCount "65"]
[EventDate "2011.08.19"]
[EventType "swiss"]
[EventRounds "9"]
[EventCountry "POL"]
[SourceTitle "CBM 144 Extra"]
[Source "ChessBase"]
[SourceDate "2011.10.28"]
[SourceVersion "1"]
[SourceVersionDate "2011.10.28"]
[SourceQuality "1"]

1. e4 c5 2. Nf3 e6 3. d4 cxd4 4. Nxd4 a6 5. Nc3 Qc7 6. Bd2 Nf6 7. Nb3 b5 8. Qf3 Nc6 9. 0-0-0 Bb7 10. Bf4 Ne5 11. Qe2 d6 12. Bxe5 dxe5 13. f3 Be7 14. g4 0-0 15. Qe3 Rac8 16. Bd3 b4 17. Ne2 a5 18. Kb1 Rfd8 19. h4 a4 20. Nbc1 Nd7 21. c3 Bc5 22. Qg5 Qb6 23. cxb4 Bxb4 24. h5 h6 25. Qh4 Ba3 26. Rd2 Nc5 27. Qf2 Qb4 28. Nc3 Ba6 29. Rhd1 Bxd3+ 30. Nxd3 Nxd3 31. Rxd3 Rxd3 32. Rxd3 Bxb2 33. a3 0-1

[Event "Polanica Zdroj op-A 47th"]
[Site "Polanica Zdroj"]
[Date "2011.??.??"]
[Round "5"]
[White "Klepaczka, Tomasz"]
[Black "Chrzaszcz, Malvina"]
[Result "1-0"]
[WhiteElo "2092"]
[BlackElo "2052"]
[PlyCount "81"]
[EventDate "2011.08.19"]
[EventType "swiss"]
[EventRounds "9"]
[EventCountry "POL"]
[SourceTitle "CBM 144 Extra"]
[Source "ChessBase"]
[SourceDate "2011.10.28"]
[SourceVersion "1"]
[SourceVersionDate "2011.10.28"]
[SourceQuality "1"]

1. Nf3 d5 2. g3 Nf6 3. Bg2 c6 4. 0-0 Bg4 5. d3 Nbd7 6. Nbd2 e5 7. e4 dxe4 8. dxe4 Bc5 9. Qe2 0-0 10. h3 Bh5 11. Rd1 Qe7 12. Nf1 Bg6 13. Nh4 Rfd8 14. Bg5 Nf8 15. Qf3 Ne6 16. Bxf6 Qxf6 17. Qxf6 gxf6 18. c3 a5 19. Nh2 Kg7 20. Kf1 h5 21. Ke2 Kf8 22. Nf1 Ke7 23. Ne3 b5 24. Nhf5+ Ke8 25. h4 Bf8 26. Bf3 Ra7 27. Rxd8+ Kxd8 28. a4 Rb7 29. axb5 Rxb5 30. Nc4 Kc7 31. Rxa5 Rxa5 32. Nxa5 Kb6 33. Nb3 Kb5 34. Kd3 Nc5+ 35. Nxc5 Bxc5 36. Ne3 Bb6 37. b3 Bc5 38. g4 hxg4 39. Bxg4 Kb6 40. h5 Bh7 41. Bf5 1-0

[Event "Polanica Zdroj op-A 47th"]
[Site "Polanica Zdroj"]
[Date "2011.??.??"]
[Round "7"]
[White "Klepaczka, Tomasz"]
[Black "Furman, Boris"]
[Result "1/2-1/2"]
[WhiteElo "2092"]
[BlackElo "2253"]
[PlyCount "55"]
[EventDate "2011.08.19"]
[EventType "swiss"]
[EventRounds "9"]
[EventCountry "POL"]
[SourceTitle "CBM 144 Extra"]
[Source "ChessBase"]
[SourceDate "2011.10.28"]
[SourceVersion "1"]
[SourceVersionDate "2011.10.28"]
[SourceQuality "1"]

1. Nf3 Nf6 2. g3 d5 3. Bg2 c5 4. 0-0 Nc6 5. d4 cxd4 6. Nxd4 e6 7. c4 Qb6 8. Nb5 a6 9. Be3 Qd8 10. Nd4 Be7 11. Nc3 0-0 12. cxd5 exd5 13. Nxc6 bxc6 14. Na4 Bf5 15. Rc1 Rc8 16. Nc5 Qa5 17. a3 Qb5 18. Bd4 a5 19. Qd2 Rfe8 20. Rfe1 Nd7 21. Nxd7 Bxd7 22. Bc3 a4 23. e4 Be6 24. exd5 cxd5 25. Bd4 Qd7 26. Bf1 Bf5 27. Qa5 Be4 28. Bg2 1/2-1/2

[Event "Polanica Zdroj op-A 47th"]
[Site "Polanica Zdroj"]
[Date "2011.??.??"]
[Round "6"]
[White "Mickiewicz, Piotr"]
[Black "Klepaczka, Tomasz"]
[Result "0-1"]
[WhiteElo "2344"]
[BlackElo "2092"]
[PlyCount "66"]
[EventDate "2011.08.19"]
[EventType "swiss"]
[EventRounds "9"]
[EventCountry "POL"]
[SourceTitle "CBM 144 Extra"]
[Source "ChessBase"]
[SourceDate "2011.10.28"]
[SourceVersion "1"]
[SourceVersionDate "2011.10.28"]
[SourceQuality "1"]

1. e4 c5 2. Nf3 e6 3. d3 d5 4. Nbd2 Nc6 5. g3 Nf6 6. Bg2 Be7 7. 0-0 b5 8. a4 b4 9. exd5 exd5 10. d4 0-0 11. dxc5 Bxc5 12. Nb3 Bb6 13. Bg5 a5 14. Nbd4 Nxd4 15. Nxd4 h6 16. Bf4 Ba6 17. Re1 Ne4 18. f3 Qf6 19. Be3 Nd6 20. Bf2 Rfe8 21. Rxe8+ Rxe8 22. c3 Nc4 23. Qd3 Nxb2 24. Qxa6 Bxd4 25. Qxf6 Bxf6 26. cxb4 axb4 27. f4 Re2 28. Bxd5 Nd3 29. Rd1 Nxf2 30. Rb1 Nd3 31. a5 Bd4+ 32. Kh1 Re1+ 33. Rxe1 Nxe1 0-1

[Event "Polanica Zdroj op-A 47th"]
[Site "Polanica Zdroj"]
[Date "2011.??.??"]
[Round "9"]
[White "Rudolf, Michal"]
[Black "Klepaczka, Tomasz"]
[Result "1-0"]
[WhiteElo "2384"]
[BlackElo "2092"]
[PlyCount "129"]
[EventDate "2011.08.19"]
[EventType "swiss"]
[EventRounds "9"]
[EventCountry "POL"]
[SourceTitle "CBM 144 Extra"]
[Source "ChessBase"]
[SourceDate "2011.10.28"]
[SourceVersion "1"]
[SourceVersionDate "2011.10.28"]
[SourceQuality "1"]

1. d4 Nf6 2. c4 g6 3. Nc3 d5 4. Bg5 Ne4 5. Bh4 Nxc3 6. bxc3 dxc4 7. Qa4+ Bd7 8. Qxc4 Bg7 9. e3 0-0 10. Nf3 Nc6 11. Be2 Rc8 12. Qc5 h6 13. 0-0 g5 14. Bg3 e6 15. Rab1 b6 16. Qa3 g4 17. Nd2 e5 18. Rfd1 Qg5 19. Nc4 Rcd8 20. dxe5 Be6 21. Qa4 Ne7 22. Rd4 Nf5 23. Rxg4 Nxg3 24. Rxg3 Qf5 25. Rc1 Rd5 26. Qc2 Qxc2 27. Rxc2 Rc5 28. Nd2 Rxe5 29. f4 Ra5 30. c4 Rd8 31. e4 Kf8 32. Rd3 Rxd3 33. Bxd3 Ra3 34. Nb3 a5 35. Kf2 a4 36. Nc1 Bd4+ 37. Ke2 Ke7 38. Kd2 Bc8 39. Ne2 Bc5 40. Nc1 Bb4+ 41. Ke3 Kd6 42. h3 h5 43. Rb2 Kc5 44. Ne2 Ba6 45. Rc2 Kd6 46. Ng3 b5 47. Nf5+ Kd7 48. c5 Rc3 49. Rxc3 Bxc3 50. Nd4 c6 51. e5 Bb7 52. Bf5+ Ke7 53. Be4 Kd7 54. Nxb5 cxb5 55. Bxb7 b4 56. Bd5 f6 57. exf6 Bxf6 58. g4 hxg4 59. hxg4 Be7 60. Kd4 Bf6+ 61. Kd3 Be7 62. Kc4 b3 63. a3 b2 64. Be4 Ke6 65. Kb5 1-0

[Event "POL-chT U19 42nd"]
[Site "Ustron"]
[Date "2011.??.??"]
[Round "2.1"]
[White "Swiercz, Dariusz"]
[Black "Klepaczka, Tomasz"]
[Result "1-0"]
[WhiteElo "2553"]
[BlackElo "2119"]
[PlyCount "97"]
[EventDate "2011.06.24"]
[EventType "team-tourn"]
[EventRounds "9"]
[EventCountry "POL"]
[SourceTitle "EXT 2015"]
[Source "ChessBase"]
[SourceDate "2014.11.20"]
[SourceVersion "1"]
[SourceVersionDate "2014.11.20"]
[SourceQuality "1"]
[WhiteTeam "Wroclaw KS Polonia U19"]
[BlackTeam "Skierniewice KS Piatka U19"]
[WhiteTeamCountry "POL"]
[BlackTeamCountry "POL"]

1. Nf3 Nf6 2. c4 g6 3. Nc3 d5 4. cxd5 Nxd5 5. Qa4+ Nc6 6. Nxd5 Qxd5 7. e4 Qa5 8. Qxa5 Nxa5 9. d4 Bg7 10. Bd2 Nc6 11. Bc3 Bg4 12. Bb5 Bxf3 13. gxf3 0-0-0 14. Bxc6 bxc6 15. Rd1 Rd6 16. Ke2 Rhd8 17. e5 Rd5 18. b4 f6 19. f4 Bh6 20. Kf3 Rf8 21. Kg3 Kd7 22. Rhe1 fxe5 23. fxe5 Bf4+ 24. Kg2 Rf5 25. h3 Ke6 26. Rd3 Rd8 27. Re2 Kd7 28. Rc2 Kc8 29. Rf3 Bh6 30. Rxf5 gxf5 31. b5 c5 32. dxc5 Rd5 33. Bb2 e6 34. a4 c6 35. Rc4 Bf8 36. Bd4 Kb7 37. f4 a6 38. b6 Rd7 39. a5 h5 40. Kf2 Rd5 41. Ke2 Bh6 42. Be3 Bf8 43. Rc1 Rd7 44. Rg1 Rg7 45. Rg5 Rh7 46. Rg8 Be7 47. Rg6 Rf7 48. Rxe6 Rg7 49. Bf2 1-0

[Event "EU-ch rapid"]
[Site "Warsaw"]
[Date "2010.12.19"]
[Round "9"]
[White "Jaracz, Pawel"]
[Black "Klepaczka, Tomasz"]
[Result "1/2-1/2"]
[WhiteElo "2543"]
[BlackElo "2092"]
[PlyCount "59"]
[EventDate "2010.12.18"]
[EventType "swiss (rapid)"]
[EventRounds "13"]
[EventCountry "POL"]
[SourceTitle "CBM 139 Extra"]
[Source "ChessBase"]
[SourceDate "2011.01.05"]
[SourceVersion "1"]
[SourceVersionDate "2011.01.05"]
[SourceQuality "1"]

1. Nf3 Nf6 2. c4 g6 3. Nc3 Bg7 4. g3 0-0 5. Bg2 c6 6. e4 d5 7. cxd5 cxd5 8. e5 Ne4 9. d4 Nc6 10. 0-0 Qa5 11. Qb3 Nxc3 12. bxc3 Bf5 13. Nh4 Bd3 14. Rd1 Bc4 15. Qxb7 Qa4 16. Bg5 Rab8 17. Qd7 e6 18. Bf6 Rb2 19. Rdb1 Qc2 20. Rxb2 Qxb2 21. Re1 Qxc3 22. Rd1 Be2 23. Rb1 Nxd4 24. Be7 Qc2 25. Re1 Qd2 26. Rb1 Qc2 27. Re1 Qd2 28. Rb1 Qc2 29. Re1 Qd2 30. Rb1 1/2-1/2

[Event "EU-ch rapid"]
[Site "Warsaw"]
[Date "2010.12.18"]
[Round "8"]
[White "Klepaczka, Tomasz"]
[Black "Vovk, Andrey"]
[Result "1/2-1/2"]
[WhiteElo "2092"]
[BlackElo "2546"]
[PlyCount "143"]
[EventDate "2010.12.18"]
[EventType "swiss (rapid)"]
[EventRounds "13"]
[EventCountry "POL"]
[SourceTitle "CBM 139 Extra"]
[Source "ChessBase"]
[SourceDate "2011.01.05"]
[SourceVersion "1"]
[SourceVersionDate "2011.01.05"]
[SourceQuality "1"]

1. e4 c5 2. Nc3 e6 3. Nge2 Nc6 4. g3 Nf6 5. Bg2 Be7 6. d4 cxd4 7. Nxd4 a6 8. 0-0 0-0 9. a4 Qc7 10. Re1 d6 11. h3 Bd7 12. Nb3 Ne5 13. a5 Nc4 14. g4 h6 15. f4 Nh7 16. Kh1 Bf6 17. Qd3 Rac8 18. Nd1 Bh4 19. Re2 Rfd8 20. Ne3 Nxe3 21. Qxe3 Bb5 22. Rd2 e5 23. Qb6 Qe7 24. f5 Rc6 25. Qg1 Rdc8 26. c3 Bc4 27. Ra3 Bg5 28. Rd1 Bxb3 29. Rxb3 Bxc1 30. Rxc1 Rc5 31. Rd1 Nf6 32. Bf3 Ne8 33. Qe3 R8c7 34. Ra3 R5c6 35. Kg2 Kf8 36. Kh2 Qh4 37. Rg1 Qd8 38. Raa1 Rc5 39. g5 hxg5 40. Rxg5 Qf6 41. Rh5 Rc8 42. Rg1 Rxa5 43. Rh8+ Ke7 44. Qd2 Rac5 45. Rg2 R5c6 46. h4 Rc5 47. Rg4 b5 48. Be2 d5 49. exd5 Nd6 50. Rh7 Nxf5 51. Bf3 g6 52. Be4 Rc4 53. Qf2 Nd6 54. Qa7+ R4c7 55. Qe3 Rc4 56. Rxg6 Qf4+ 57. Qxf4 exf4 58. Bd3 Ra4 59. Rg2 Rc5 60. Re2+ Kd7 61. Rh5 b4 62. cxb4 Rxb4 63. Bxa6 f3 64. Rf2 Ne4 65. Rxf3 Rxb2+ 66. Kh3 f6 67. Bd3 Nf2+ 68. Kg3 Nxd3 69. Rxd3 Kd6 70. Rf5 Rcc2 71. Rxf6+ Ke7 72. Re6+ 1/2-1/2

[Event "Polanica Zdroj op-A 46th"]
[Site "Polanica Zdroj"]
[Date "2010.08.28"]
[Round "10"]
[White "Klepaczka, Tomasz"]
[Black "Szusterowski, Radoslaw"]
[Result "0-1"]
[WhiteElo "2108"]
[BlackElo "2042"]
[PlyCount "64"]
[EventDate "2010.08.19"]
[EventType "swiss"]
[EventRounds "10"]
[EventCountry "POL"]
[SourceTitle "CBM 138 Extra"]
[Source "ChessBase"]
[SourceDate "2010.10.29"]
[SourceVersion "1"]
[SourceVersionDate "2010.10.29"]
[SourceQuality "1"]

1. Nf3 Nf6 2. g3 d5 3. Bg2 c6 4. 0-0 Bf5 5. d4 e6 6. Nbd2 Be7 7. c4 Nbd7 8. b3 0-0 9. Bb2 h6 10. Re1 a5 11. Ne5 a4 12. h3 Bb4 13. a3 Bxd2 14. Qxd2 axb3 15. g4 Bc2 16. cxd5 Nxe5 17. dxe5 Nxd5 18. Rec1 Qa5 19. Qd4 Qa4 20. Bxd5 Qxd4 21. Bxd4 exd5 22. e3 c5 23. Bb2 Ra4 24. Kf1 d4 25. Ke2 dxe3 26. Kxe3 Rd8 27. Re1 Rd3+ 28. Ke2 c4 29. Rac1 Ra5 30. Rg1 Rc5 31. Rg3 Rxg3 32. fxg3 c3 0-1